<?xml version="1.0" encoding="UTF-8"?>
<record
    xmlns:xsi="http://www.w3.org/2001/XMLSchema-instance"
    xsi:schemaLocation="http://www.loc.gov/MARC21/slim http://www.loc.gov/standards/marcxml/schema/MARC21slim.xsd"
    xmlns="http://www.loc.gov/MARC21/slim">

  <leader>00934nam a2200253 a 4500</leader>
  <controlfield tag="005">20240412132223.0</controlfield>
  <controlfield tag="008">100708e1998||||ag     f |||| 001 0 spa d</controlfield>
  <datafield tag="020" ind1=" " ind2=" ">
    <subfield code="a">9507861890</subfield>
  </datafield>
  <datafield tag="041" ind1=" " ind2=" ">
    <subfield code="a">spa</subfield>
  </datafield>
  <datafield tag="092" ind1=" " ind2=" ">
    <subfield code="c">149.7</subfield>
    <subfield code="l">15</subfield>
    <subfield code="s">DAL</subfield>
  </datafield>
  <datafield tag="100" ind1="1" ind2=" ">
    <subfield code="a">Dallera, Osvaldo A.</subfield>
    <subfield code="9">3165</subfield>
  </datafield>
  <datafield tag="245" ind1=" " ind2="3">
    <subfield code="a">La raz&#xF3;n educada.</subfield>
    <subfield code="b">Una introducci&#xF3;n al estudio de la acci&#xF3;n, la creencia y el valor racional /</subfield>
    <subfield code="c">Osvaldo A. Dallera</subfield>
  </datafield>
  <datafield tag="250" ind1=" " ind2=" ">
    <subfield code="a">1a ed.</subfield>
  </datafield>
  <datafield tag="260" ind1=" " ind2=" ">
    <subfield code="a">Buenos Aires: </subfield>
    <subfield code="b">Biblos;</subfield>
    <subfield code="c">1998.</subfield>
  </datafield>
  <datafield tag="300" ind1=" " ind2=" ">
    <subfield code="a">119 p.</subfield>
    <subfield code="c">23x16 cm.</subfield>
  </datafield>
  <datafield tag="500" ind1=" " ind2=" ">
    <subfield code="a">Dallera, O. A. (1998). La raz&#xF3;n educada. Una introducci&#xF3;n al estudio de la acci&#xF3;n, la creencia y el valor racional. (1a ed.). Buenos Aires : Biblos.</subfield>
  </datafield>
  <datafield tag="590" ind1=" " ind2=" ">
    <subfield code="a">Donaci&#xF3;n Dora Vera, febrero 2017</subfield>
  </datafield>
  <datafield tag="653" ind1=" " ind2=" ">
    <subfield code="a">Razon y racionalidad</subfield>
  </datafield>
  <datafield tag="653" ind1=" " ind2=" ">
    <subfield code="a">Conducta racional</subfield>
  </datafield>
  <datafield tag="653" ind1=" " ind2=" ">
    <subfield code="a">Creencia racional</subfield>
  </datafield>
  <datafield tag="653" ind1=" " ind2=" ">
    <subfield code="a">Perfil etico de la accion racional</subfield>
  </datafield>
  <datafield tag="653" ind1=" " ind2=" ">
    <subfield code="a">Criticas a la racionalidad</subfield>
  </datafield>
  <datafield tag="942" ind1=" " ind2=" ">
    <subfield code="2">ddc</subfield>
    <subfield code="c">BK</subfield>
  </datafield>
  <datafield tag="999" ind1=" " ind2=" ">
    <subfield code="c">2355</subfield>
    <subfield code="d">2355</subfield>
  </datafield>
  <datafield tag="952" ind1=" " ind2=" ">
    <subfield code="0">0</subfield>
    <subfield code="1">0</subfield>
    <subfield code="2">ddc</subfield>
    <subfield code="4">0</subfield>
    <subfield code="7">0</subfield>
    <subfield code="a">BFM</subfield>
    <subfield code="b">BFM</subfield>
    <subfield code="c">CR</subfield>
    <subfield code="d">2017-03-01</subfield>
    <subfield code="e">Donacion Dora Vera, febrero 2017</subfield>
    <subfield code="l">0</subfield>
    <subfield code="o">149.7 15 DAL</subfield>
    <subfield code="p">3805</subfield>
    <subfield code="r">2017-03-01</subfield>
    <subfield code="t">Ej.1</subfield>
    <subfield code="w">2017-03-01</subfield>
    <subfield code="y">BK</subfield>
    <subfield code="z">Donacion Dora Vera, febrero 2017</subfield>
  </datafield>
</record>
